000 00518nam a22001937a 4500
003 OSt
005 20170407184856.0
008 170407b xxu||||| |||| 00| 0 eng d
020 _a1859962076
040 _cDMLN
082 _aQV744 P27m 2001
100 _aPatrick Graham
_912085
245 _aInstant Notes Medicinal Chemistry
260 _aUK; Bios Scentific publishers, 2001
300 _avi,278p; ill: 24cm
504 _aReferences, & index included
650 _aMedicinal chemistry
_93953
942 _2z
_cSLOAN
999 _c5820
_d5820